[Event "10. Open Internacional de Málaga"]
[Site "Campillos ESP"]
[Date "2007.02.28"]
[Round "6.2"]
[White "Fernandez Romero, Ernesto"]
[Black "Suba, Mihai"]
[Result "1-0"]
[WhiteElo "2434"]
[BlackElo "2529"]
[PlyCount "65"]
[EventDate "2007.02.24"]
[EventType "swiss"]
[EventRounds "9"]
[EventCountry "ESP"]
[Source "lmi"]
[SourceDate "2007.02.24"]

1. e4 c5 2. Nf3 e6 3. d4 cxd4 4. Nxd4 Nf6 5. Nc3 d6 6. Be3 a6 7. f3 b5 8. g4
Bb7 9. Qd2 Qa5 10. O-O-O b4 11. Nce2 d5 12. Kb1 dxe4 13. g5 Nfd7 14. f4 Be7 15.
Ng3 g6 16. Bg2 O-O 17. Bxe4 Bxe4 18. Nxe4 Qd5 19. Ng3 Rd8 20. h4 Nc6 21. h5 Nf8
22. hxg6 fxg6 23. Qe2 Nxd4 24. Bxd4 Qxd4 25. Rxd4 Rxd4 26. f5 gxf5 27. Nxf5
exf5 28. Qxe7 Re4 29. Qb7 Rae8 30. b3 f4 31. Kb2 R8e6 32. Rh6 Re3 33. Rf6 1-0

[Event "10. Open Internacional de Málaga"]
[Site "Campillos ESP"]
[Date "2007.02.28"]
[Round "6.4"]
[White "Djuric, Stefan"]
[Black "Kovacevic, Slobodan"]
[Result "1-0"]
[WhiteElo "2464"]
[BlackElo "2328"]
[PlyCount "67"]
[EventDate "2007.02.24"]
[EventType "swiss"]
[EventRounds "9"]
[EventCountry "ESP"]
[Source "lmi"]
[SourceDate "2007.02.24"]

1. e4 c5 2. Nf3 e6 3. g3 Nc6 4. Bg2 Nf6 5. d3 d5 6. Nbd2 Be7 7. O-O b6 8. Re1
Bb7 9. c3 Rc8 10. exd5 Nxd5 11. a4 O-O 12. Nc4 Qc7 13. Qe2 h6 14. h4 Rfe8 15.
Nh2 Rcd8 16. Ng4 Bf8 17. h5 Nb8 18. Nce5 Nc6 19. Nc4 Nb8 20. Bd2 Nd7 21. a5 b5
22. a6 Ba8 23. Na5 Qb6 24. c4 bxc4 25. dxc4 Nb4 26. Nb7 Rc8 27. Nxh6+ gxh6 28.
Qg4+ Kh8 29. Bc3+ f6 30. Rad1 Qc7 31. Rxe6 Ne5 32. Bxe5 fxe5 33. Rg6 Qh7 34.
Rd7 1-0

[Event "10. Open Internacional de Málaga"]
[Site "Campillos ESP"]
[Date "2007.02.28"]
[Round "6.5"]
[White "Zambrana, Oswaldo"]
[Black "Bellon Lopez, Juan Manuel"]
[Result "1/2-1/2"]
[WhiteElo "2495"]
[BlackElo "2442"]
[PlyCount "71"]
[EventDate "2007.02.24"]
[EventType "swiss"]
[EventRounds "9"]
[EventCountry "ESP"]
[Source "lmi"]
[SourceDate "2007.02.24"]

1. e4 c5 2. Nf3 e6 3. d4 cxd4 4. Nxd4 a6 5. c4 Bc5 6. Nc3 d6 7. Be3 Ne7 8. Be2
O-O 9. Qd2 e5 10. Nb3 Bxe3 11. Qxe3 Be6 12. O-O Qc7 13. Rac1 Nd7 14. Rfd1 Rfd8
15. Nd5 Bxd5 16. cxd5 Qb8 17. Na5 f5 18. Qb3 Nf6 19. exf5 Nxf5 20. Qxb7 Qxb7
21. Nxb7 Rdb8 22. Na5 Rxb2 23. Bc4 Nd4 24. Nc6 Ne2+ 25. Bxe2 Rxe2 26. a4 Re8
27. Nb4 Rb8 28. Kf1 Rb2 29. Nxa6 R8b3 30. Nc7 Ra3 31. Ra1 Rc3 32. Rdc1 Rd3 33.
Rd1 Rc3 34. Rdc1 Rd3 35. Rd1 Rc3 36. Rdc1 1/2-1/2

[Event "10. Open Internacional de Málaga"]
[Site "Campillos ESP"]
[Date "2007.02.28"]
[Round "6.6"]
[White "Rodriguez Lopez, Rafael"]
[Black "Colovic, Aleksandar"]
[Result "0-1"]
[WhiteElo "2283"]
[BlackElo "2463"]
[PlyCount "102"]
[EventDate "2007.02.24"]
[EventType "swiss"]
[EventRounds "9"]
[EventCountry "ESP"]
[Source "lmi"]
[SourceDate "2007.02.24"]

1. d4 d5 2. Nf3 Nf6 3. c4 c6 4. e3 e6 5. Bd3 dxc4 6. Bxc4 Nbd7 7. O-O Bd6 8.
Qe2 O-O 9. Rd1 Qe7 10. Nbd2 e5 11. Nf1 e4 12. N3d2 b5 13. Bb3 Nb6 14. h3 Bf5
15. Ng3 Bg6 16. f4 exf3 17. Qxf3 Bxg3 18. Qxg3 Ne4 19. Nxe4 Bxe4 20. Rf1 Kh8
21. a3 Bd5 22. Bc2 Nc4 23. Rf4 Nd6 24. Bd2 a5 25. Qe1 Rae8 26. b3 f5 27. Bxa5
Qg5 28. Qf2 Rxe3 29. Bd2 Rxh3 30. Rxf5 Rxf5 31. Bxf5 Qxf5 32. Qxf5 Nxf5 33.
gxh3 Nxd4 34. Bb4 Bxb3 35. Kf2 h6 36. Re1 Ne6 37. Re3 Bd5 38. Bd6 Kh7 39. Be5
g5 40. h4 Kg6 41. Kg3 Kf5 42. Bb2 Be4 43. Re2 g4 44. Bc1 h5 45. Be3 Nc7 46.
Rf2+ Bf3 47. Ra2 Na6 48. Rd2 Bd5 49. Rf2+ Ke4 50. Bc1 Nc5 51. Rf4+ Kd3 0-1

[Event "10. Open Internacional de Málaga"]
[Site "Campillos ESP"]
[Date "2007.02.28"]
[Round "6.7"]
[White "Picazo Lopez, Juan Antonio"]
[Black "Dias, Paulo"]
[Result "0-1"]
[WhiteElo "2220"]
[BlackElo "2425"]
[PlyCount "106"]
[EventDate "2007.02.24"]
[EventType "swiss"]
[EventRounds "9"]
[EventCountry "ESP"]
[Source "lmi"]
[SourceDate "2007.02.24"]

1. d4 d5 2. c4 c6 3. Nc3 Nf6 4. Qc2 e6 5. cxd5 cxd5 6. Bf4 Nc6 7. e3 Bd7 8. a3
Rc8 9. Bd3 Nh5 10. Bg3 g6 11. Nge2 Nxg3 12. hxg3 Bg7 13. Rc1 O-O 14. Nf4 e5 15.
dxe5 d4 16. e6 dxc3 17. exd7 cxb2 18. dxc8=Q Qa5+ 19. Ke2 bxc1=Q 20. Rxc1 Rxc8
21. Be4 Qxa3 22. Rb1 Qf8 23. Qa2 b6 24. Bd5 Be5 25. Nd3 Bf6 26. Bxc6 Rxc6 27.
Qxa7 Rc2+ 28. Kf1 Qd6 29. Qa8+ Kg7 30. Nf4 Qd2 31. Qf3 Rc1+ 32. Rxc1 Qxc1+ 33.
Ke2 Qc4+ 34. Kd1 Qb3+ 35. Ke2 Qc2+ 36. Kf1 b5 37. Qe2 Qc1+ 38. Qe1 Qc4+ 39. Qe2
Qc1+ 40. Qe1 Qc5 41. Qd1 b4 42. Qb3 Bc3 43. Nd3 Qh5 44. f3 Qh1+ 45. Kf2 h5 46.
f4 Qa1 47. Qc4 Qd1 48. Ne5 Be1+ 49. Kg1 Bxg3+ 50. Qf1 Qd2 51. Nc4 Qc2 52. f5
gxf5 53. Qa1+ Kh7 0-1

[Event "10. Open Internacional de Málaga"]
[Site "Campillos ESP"]
[Date "2007.02.28"]
[Round "6.8"]
[White "Ivanov, Jordan"]
[Black "Leite, Catarina"]
[Result "1-0"]
[WhiteElo "2377"]
[BlackElo "2218"]
[PlyCount "54"]
[EventDate "2007.02.24"]
[EventType "swiss"]
[EventRounds "9"]
[EventCountry "ESP"]
[Source "lmi"]
[SourceDate "2007.02.24"]

1. Nf3 d5 2. e3 Nf6 3. c4 c6 4. Nc3 e6 5. b3 Bd6 6. Bb2 Nbd7 7. Qc2 O-O 8. Be2
Qe7 9. Rd1 e5 10. cxd5 Nxd5 11. Ne4 Bc7 12. Ng3 N7f6 13. d3 Ng4 14. Qd2 Bb6 15.
d4 Rd8 16. e4 exd4 17. Bxd4 Nb4 18. O-O Be6 19. Qb2 Bxd4 20. Nxd4 Qf6 21. Rd2
c5 22. Nxe6 Rxd2 23. Qxd2 Qxe6 24. Qg5 Nf6 25. Bc4 Qg4 26. Qxc5 Nxa2 27. Qa5 b5
1-0

[Event "10. Open Internacional de Málaga"]
[Site "Campillos ESP"]
[Date "2007.02.28"]
[Round "6.9"]
[White "Diogo, Vasco"]
[Black "Pilaj, Herwig"]
[Result "1/2-1/2"]
[WhiteElo "2208"]
[BlackElo "2373"]
[PlyCount "45"]
[EventDate "2007.02.24"]
[EventType "swiss"]
[EventRounds "9"]
[EventCountry "ESP"]
[Source "lmi"]
[SourceDate "2007.02.24"]

1. e4 e6 2. d4 d5 3. Nc3 Bb4 4. Nge2 Nf6 5. Bg5 dxe4 6. a3 Be7 7. Bxf6 Bxf6 8.
Nxe4 Nd7 9. g3 Be7 10. Bg2 O-O 11. O-O Rb8 12. Nf4 Nf6 13. c3 Nxe4 14. Bxe4 b6
15. Qc2 h6 16. Rfe1 Bd6 17. Nd3 c5 18. Ne5 Bb7 19. Rad1 Qc7 20. Bxb7 Qxb7 21.
dxc5 Bxe5 22. Rxe5 bxc5 23. Rxc5 1/2-1/2

[Event "10. Open Internacional de Málaga"]
[Site "Campillos ESP"]
[Date "2007.02.28"]
[Round "6.10"]
[White "Recuero Guerra, David"]
[Black "Moussard, Jules"]
[Result "1-0"]
[WhiteElo "2357"]
[BlackElo "2190"]
[PlyCount "45"]
[EventDate "2007.02.24"]
[EventType "swiss"]
[EventRounds "9"]
[EventCountry "ESP"]
[Source "lmi"]
[SourceDate "2007.02.24"]

1. e4 c5 2. Nf3 d6 3. d4 cxd4 4. Nxd4 Nf6 5. Nc3 a6 6. Be3 e6 7. f3 Be7 8. Qd2
O-O 9. O-O-O Nc6 10. g4 Nd7 11. g5 Nde5 12. Nxc6 Nxc6 13. h4 b5 14. Kb1 Qa5 15.
h5 b4 16. Ne2 Bb7 17. g6 Ne5 18. Nd4 d5 19. h6 fxg6 20. hxg7 Rxf3 21. Qh2 Kxg7
22. Qxh7+ Kf6 23. Bg5+ 1-0

[Event "10. Open Internacional de Málaga"]
[Site "Campillos ESP"]
[Date "2007.02.28"]
[Round "6.11"]
[White "Karim, Ismael"]
[Black "Serrano Marhuenda, Salvador"]
[Result "1-0"]
[WhiteElo "2324"]
[BlackElo "2143"]
[PlyCount "27"]
[EventDate "2007.02.24"]
[EventType "swiss"]
[EventRounds "9"]
[EventCountry "ESP"]
[Source "lmi"]
[SourceDate "2007.02.24"]

1. e4 c5 2. Nf3 e6 3. d4 cxd4 4. Nxd4 a6 5. c4 Nf6 6. Nc3 Bb4 7. Qc2 Qc7 8. a3
Bxc3+ 9. Qxc3 Nxe4 10. Nb5 axb5 11. Qxg7 Rf8 12. Bh6 Qc5 13. f3 Nf2 14. b4 1-0

[Event "10. Open Internacional de Málaga"]
[Site "Campillos ESP"]
[Date "2007.02.28"]
[Round "6.12"]
[White "Camacho Collados, Jose"]
[Black "Ladron de Guevara Pinto, Miguel"]
[Result "1-0"]
[WhiteElo "2306"]
[BlackElo "2093"]
[PlyCount "59"]
[EventDate "2007.02.24"]
[EventType "swiss"]
[EventRounds "9"]
[EventCountry "ESP"]
[Source "lmi"]
[SourceDate "2007.02.24"]

1. Nf3 Nf6 2. g3 e6 3. Bg2 d5 4. c4 c5 5. b3 Be7 6. O-O O-O 7. Bb2 Nc6 8. e3
dxc4 9. bxc4 Qd3 10. Qc1 Rd8 11. Rd1 Rb8 12. Ne1 Qd7 13. d4 b6 14. Nc3 cxd4 15.
exd4 Bb7 16. Nf3 Rbc8 17. d5 exd5 18. cxd5 Na5 19. Ne5 Qc7 20. Qe3 Bc5 21. Qf4
a6 22. Ne4 Nxe4 23. Bxe4 Bf8 24. Rac1 Qe7 25. Rxc8 Bxc8 26. d6 Qf6 27. d7 Bb7
28. Bxb7 Nxb7 29. Qxf6 gxf6 30. Nc6 1-0

[Event "10. Open Internacional de Málaga"]
[Site "Campillos ESP"]
[Date "2007.02.28"]
[Round "6.13"]
[White "Guadamuro Torrente, Ana Isabel"]
[Black "Fenollar Jorda, Manuel"]
[Result "1-0"]
[WhiteElo "2107"]
[BlackElo "2307"]
[PlyCount "111"]
[EventDate "2007.02.24"]
[EventType "swiss"]
[EventRounds "9"]
[EventCountry "ESP"]
[Source "lmi"]
[SourceDate "2007.02.24"]

1. e4 d5 2. exd5 Qxd5 3. Nc3 Qa5 4. Bc4 Bf5 5. d3 c6 6. Nge2 Nf6 7. Ng3 Bg6 8.
Bd2 Nbd7 9. f4 e6 10. Qe2 Be7 11. Nd5 Qd8 12. Nxe7 Qxe7 13. O-O h5 14. f5 exf5
15. Qxe7+ Kxe7 16. Nxf5+ Bxf5 17. Rxf5 Rhc8 18. Bb4+ c5 19. Bc3 a6 20. a4 Rc6
21. a5 Re8 22. Bb3 Rec8 23. Re1+ Kf8 24. Ba4 Rd6 25. Bxd7 Rxd7 26. Bxf6 gxf6
27. Rxh5 Kg7 28. Re3 Kg6 29. Reh3 c4 30. Rh6+ Kg7 31. R6h4 f5 32. Rg3+ Kf6 33.
d4 Rd5 34. Rh6+ Ke7 35. Re3+ Kd7 36. Rf6 Rf8 37. c3 Rxa5 38. h4 Ra1+ 39. Kh2
Rf1 40. h5 f4 41. Re5 Rf2 42. h6 f3 43. Rxf3 Rxf3 44. gxf3 f5 45. h7 Rh8 46.
Rxf5 Rxh7+ 47. Kg3 Rh6 48. Rf7+ Kc6 49. f4 Rh1 50. Re7 b5 51. f5 Rf1 52. Kg4 b4
53. Kg5 Rf3 54. f6 bxc3 55. bxc3 Rxc3 56. f7 1-0

[Event "10. Open Internacional de Málaga"]
[Site "Campillos ESP"]
[Date "2007.02.28"]
[Round "6.14"]
[White "Cruz Ravina, Francisco Javier"]
[Black "Lobato Lavin, Alvaro"]
[Result "1-0"]
[WhiteElo "2285"]
[BlackElo "2049"]
[PlyCount "69"]
[EventDate "2007.02.24"]
[EventType "swiss"]
[EventRounds "9"]
[EventCountry "ESP"]
[Source "lmi"]
[SourceDate "2007.02.24"]

1. e4 c5 2. Nf3 d6 3. d4 cxd4 4. Qxd4 Nc6 5. Bb5 Bd7 6. Bxc6 Bxc6 7. Nc3 Nf6 8.
Bg5 e6 9. O-O-O Be7 10. Rhe1 O-O 11. Qd2 Qa5 12. Kb1 Kh8 13. Nd4 Rad8 14. g4 d5
15. e5 Ng8 16. Bxe7 Nxe7 17. f4 Bd7 18. h4 Rc8 19. h5 Nc6 20. h6 g6 21. Nb3 Qb6
22. f5 Nb4 23. a3 Na6 24. Ne4 Ba4 25. Nd6 Rxc2 26. Qxc2 Bxb3 27. Qd2 Bxd1 28.
Rxd1 Kg8 29. Rc1 Nb8 30. fxe6 fxe6 31. Qg5 Nc6 32. Rxc6 bxc6 33. Qe7 Qg1+ 34.
Ka2 Qxg4 35. Qg7# 1-0

[Event "10. Open Internacional de Málaga"]
[Site "Campillos ESP"]
[Date "2007.02.28"]
[Round "6.15"]
[White "Rubio Doblas, Ricardo"]
[Black "Lopez, Jorge"]
[Result "1/2-1/2"]
[WhiteElo "2065"]
[BlackElo "2271"]
[PlyCount "70"]
[EventDate "2007.02.24"]
[EventType "swiss"]
[EventRounds "9"]
[EventCountry "ESP"]
[Source "lmi"]
[SourceDate "2007.02.24"]

1. e4 c6 2. d4 d5 3. exd5 cxd5 4. c4 dxc4 5. Bxc4 Qc7 6. Bd3 Bg4 7. Ne2 Nf6 8.
O-O e6 9. Nbc3 Nc6 10. Qa4 Bxe2 11. Bxe2 Bd6 12. g3 O-O 13. Bg5 Nd7 14. Rfd1
Nb6 15. Qb3 h6 16. Be3 Na5 17. Qb5 Nac4 18. Qh5 Nxe3 19. fxe3 a6 20. Rac1 Rac8
21. Bd3 Qe7 22. Qf3 Rc7 23. Rc2 Rfc8 24. Rf2 Bb4 25. Ne2 Bd6 26. Qe4 g6 27.
Rdf1 f5 28. Qf3 Nc4 29. Nc3 b5 30. e4 Nxb2 31. Rxb2 Rxc3 32. exf5 Qf6 33. fxg6
Qxd4+ 34. Kg2 Rf8 35. Qb7 Qd5+ 1/2-1/2

[Event "10. Open Internacional de Málaga"]
[Site "Campillos ESP"]
[Date "2007.02.28"]
[Round "6.16"]
[White "Cucarella Montell, Angels"]
[Black "Herrera Mellado, Luis"]
[Result "0-1"]
[WhiteElo "1908"]
[BlackElo "2140"]
[PlyCount "62"]
[EventDate "2007.02.24"]
[EventType "swiss"]
[EventRounds "9"]
[EventCountry "ESP"]
[Source "lmi"]
[SourceDate "2007.02.24"]

1. e4 e5 2. Nf3 Nc6 3. Bb5 f5 4. d3 Nf6 5. exf5 Nd4 6. Ba4 b5 7. Nxd4 bxa4 8.
Qe2 Bb4+ 9. c3 O-O 10. Nc2 Ba5 11. Bg5 d5 12. g4 Qd6 13. Ne3 Nd7 14. Nd2 Ba6
15. O-O e4 16. c4 exd3 17. Qxd3 Ne5 18. Qxd5+ Qxd5 19. Nxd5 Bxd2 20. Bxd2 Nf3+
21. Kg2 Nxd2 22. Rfd1 Nxc4 23. Nxc7 Bb7+ 24. Kg3 Rac8 25. Ne6 Rf7 26. Nd8 Re7
27. b3 Ne5 28. Rd4 Rc3+ 29. Kf4 Rf3+ 30. Kg5 Rxf2 31. h4 Nf3+ 0-1

[Event "10. Open Internacional de Málaga"]
[Site "Campillos ESP"]
[Date "2007.02.28"]
[Round "6.17"]
[White "Fomani, Mehdi"]
[Black "Pedraza Fernandez, Miguel Angel"]
[Result "1-0"]
[WhiteElo "2162"]
[BlackElo "1982"]
[PlyCount "71"]
[EventDate "2007.02.24"]
[EventType "swiss"]
[EventRounds "9"]
[EventCountry "ESP"]
[Source "lmi"]
[SourceDate "2007.02.24"]

1. c4 Nf6 2. Nc3 d6 3. g3 g6 4. Bg2 Bg7 5. e4 e5 6. Nge2 Nc6 7. d3 h6 8. a3 a5
9. Rb1 O-O 10. h3 Be6 11. O-O Kh7 12. Be3 Ne7 13. b4 axb4 14. axb4 c6 15. f4
exf4 16. Nxf4 d5 17. cxd5 cxd5 18. e5 d4 19. exf6 Bxf6 20. Ne4 dxe3 21. Nxf6+
Kg7 22. Nxe6+ fxe6 23. Ne4 Rxf1+ 24. Qxf1 Nf5 25. Qe2 Qc7 26. g4 Nh4 27. Qb2+
e5 28. Rc1 Qe7 29. b5 Nxg2 30. Kxg2 Qe6 31. Rc2 Rd8 32. Qc3 Qd5 33. Qc4 Qxd3
34. Qxd3 Rxd3 35. Kf3 Rd5 36. Rc7+ 1-0

[Event "10. Open Internacional de Málaga"]
[Site "Campillos ESP"]
[Date "2007.02.28"]
[Round "6.18"]
[White "Jimenez Ruiz, Jose Carlos"]
[Black "Naranjo Moreno, Antonio"]
[Result "0-1"]
[WhiteElo "2041"]
[BlackElo "2224"]
[PlyCount "45"]
[EventDate "2007.02.24"]
[EventType "swiss"]
[EventRounds "9"]
[EventCountry "ESP"]
[Source "lmi"]
[SourceDate "2007.02.24"]

1. c4 Nf6 2. g3 g6 3. Bg2 Bg7 4. Nc3 O-O 5. e4 d6 6. Nge2 e5 7. O-O Nc6 8. f4
Ng4 9. h3 Nh6 10. g4 exf4 11. Rxf4 f5 12. gxf5 gxf5 13. d4 fxe4 14. Nxe4 Nf5
15. Rg4 Kh8 16. Kh1 Qe8 17. Bg5 Nfxd4 18. Nxd4 Bxg4 19. Qxg4 Nxd4 20. Ng3 Qe6
21. Qh5 Nf5 22. Qg4 Nxg3+ 23. Qxg3 0-1

[Event "10. Open Internacional de Málaga"]
[Site "Campillos ESP"]
[Date "2007.02.28"]
[Round "6.19"]
[White "Bolle, Leendert"]
[Black "Berbatov, Kiprian"]
[Result "1/2-1/2"]
[WhiteElo "2011"]
[BlackElo "2145"]
[PlyCount "94"]
[EventDate "2007.02.24"]
[EventType "swiss"]
[EventRounds "9"]
[EventCountry "ESP"]
[Source "lmi"]
[SourceDate "2007.02.24"]

1. e4 c5 2. Nf3 d6 3. d4 cxd4 4. Nxd4 Nf6 5. Nc3 g6 6. g3 Nc6 7. Nde2 Bg7 8.
Bg2 O-O 9. O-O a6 10. a4 Rb8 11. h3 b5 12. axb5 axb5 13. Nd5 Nd7 14. Ra2 e6 15.
Ne3 Nc5 16. Bd2 b4 17. b3 Ba6 18. Re1 Qb6 19. Ng4 h5 20. Nh2 Ra8 21. Nc1 Bd4
22. Be3 e5 23. g4 hxg4 24. Nxg4 Qd8 25. Bxd4 Nxd4 26. Qd2 Qh4 27. Qh6 Qxh6 28.
Nxh6+ Kg7 29. Ng4 Bb7 30. Ne3 Bxe4 31. Bxe4 Nxe4 32. Kg2 Nc5 33. Rd1 Rfd8 34.
Rxa8 Rxa8 35. Nd3 Nxd3 36. Rxd3 Rc8 37. Rd2 Rc5 38. Nc4 Rc6 39. f4 Kf6 40. Kf2
Ke6 41. fxe5 dxe5 42. h4 Ra6 43. Ne3 Ra2 44. Kf1 f5 45. Kg2 f4 46. Nc4 Kf6 47.
Nd6 Rxc2 1/2-1/2

[Event "10. Open Internacional de Málaga"]
[Site "Campillos ESP"]
[Date "2007.02.28"]
[Round "6.20"]
[White "Gutierrez Lopez, Carlos"]
[Black "Garcia Rodriguez, Victor"]
[Result "0-1"]
[WhiteElo "2126"]
[BlackElo "1975"]
[PlyCount "132"]
[EventDate "2007.02.24"]
[EventType "swiss"]
[EventRounds "9"]
[EventCountry "ESP"]
[Source "lmi"]
[SourceDate "2007.02.24"]

1. e4 e5 2. Nf3 Nc6 3. Bb5 a6 4. Ba4 Nf6 5. Qe2 b5 6. Bb3 Be7 7. c3 d6 8. O-O
O-O 9. Rd1 Be6 10. d4 Bxb3 11. axb3 Qc8 12. d5 Nb8 13. c4 b4 14. Ne1 Re8 15.
Nd3 Qb7 16. Nd2 Bf8 17. Nf1 g6 18. Ng3 Nbd7 19. Bg5 h6 20. Be3 a5 21. f3 Ra6
22. Qd2 h5 23. c5 dxc5 24. Rdc1 c6 25. dxc6 Qxc6 26. Qf2 Rc8 27. Nf1 Qb5 28.
Qe2 Rd6 29. Nf4 Qxe2 30. Nxe2 Rd3 31. Rxa5 Rxb3 32. Rc2 Rd3 33. Nc1 Rd1 34. Kf2
c4 35. Ke2 Rd6 36. Nd2 Rdc6 37. b3 cxb3 38. Rxc6 Rxc6 39. Ncxb3 Kg7 40. Rb5 Ne8
41. Rd5 Nd6 42. Kd1 Kf6 43. Bf2 g5 44. Be1 Nb6 45. Ra5 Ndc4 46. Ra6 Rd6 47. Ke2
Nxd2 48. Bxd2 Nc4 49. Ra8 Nxd2 50. Nxd2 Be7 51. Rb8 Rc6 52. Kd1 Ke6 53. Nf1 Rc3
54. Kd2 g4 55. fxg4 Bg5+ 56. Ke2 h4 57. g3 b3 58. gxh4 Bc1 59. Ng3 b2 60. h5
Rc2+ 61. Kd1 Rd2+ 62. Ke1 Rxh2 63. Rb6+ Kd7 64. Nf5 Bd2+ 65. Kd1 Ba5 66. Rd6+
Kc7 0-1

[Event "10. Open Internacional de Málaga"]
[Site "Campillos ESP"]
[Date "2007.03.01"]
[Round "7.1"]
[White "Strikovic, Aleksa"]
[Black "Fernandez Romero, Ernesto"]
[Result "1-0"]
[WhiteElo "2557"]
[BlackElo "2434"]
[PlyCount "57"]
[EventDate "2007.02.24"]
[EventType "swiss"]
[EventRounds "9"]
[EventCountry "ESP"]
[Source "lmi"]
[SourceDate "2007.02.24"]

1. e4 e6 2. d3 d5 3. Qe2 Nf6 4. e5 Nfd7 5. f4 c5 6. Nf3 Nc6 7. g3 h6 8. Bg2 Qc7
9. c4 d4 10. Nbd2 Be7 11. O-O b6 12. Ne4 Bb7 13. f5 O-O-O 14. fxe6 fxe6 15. Bh3
Ndxe5 16. Nxe5 Nxe5 17. Bf4 Kb8 18. Rae1 g5 19. Nxg5 Bxg5 20. Bxe5 Be3+ 21.
Qxe3 dxe3 22. Bxc7+ Kxc7 23. Rxe3 e5 24. Rf7+ Kb8 25. Bd7 Rhf8 26. Rxf8 Rxf8
27. Rxe5 Rf3 28. Bf5 Kc7 29. Re7+ 1-0

[Event "10. Open Internacional de Málaga"]
[Site "Campillos ESP"]
[Date "2007.03.01"]
[Round "7.2"]
[White "Colovic, Aleksandar"]
[Black "Djuric, Stefan"]
[Result "1/2-1/2"]
[WhiteElo "2463"]
[BlackElo "2464"]
[PlyCount "94"]
[EventDate "2007.02.24"]
[EventType "swiss"]
[EventRounds "9"]
[EventCountry "ESP"]
[Source "lmi"]
[SourceDate "2007.02.24"]

1. e4 g6 2. d4 Bg7 3. Nc3 c6 4. h3 d6 5. Be3 Qb6 6. a3 Nf6 7. Bd3 O-O 8. Nf3
Nbd7 9. O-O Qc7 10. Qd2 e5 11. Rad1 Re8 12. dxe5 dxe5 13. Bc4 Nb6 14. Bxb6 axb6
15. Ng5 Be6 16. Nxe6 fxe6 17. Qd6 Qe7 18. Qxe5 Nd5 19. Qg3 Nxc3 20. bxc3 b5 21.
Bb3 c5 22. c4 Rxa3 23. Qd6 b4 24. f4 Qxd6 25. Rxd6 Bd4+ 26. Kh1 Re7 27. g3 Kf7
28. Kg2 Rc7 29. f5 exf5 30. exf5 Kg7 31. g4 g5 32. Re1 Ra6 33. Rd8 Bf6 34. Rd5
Kf7 35. Kf3 Bc3 36. Re2 Ra1 37. Re6 Rf1+ 38. Kg2 Re1 39. Rxe1 Bxe1 40. Ba4 Bc3
41. Kf3 Ke7 42. Ke4 Bd4 43. Bb5 b6 44. Ba4 Ra7 45. Bb5 Rc7 46. Ba4 Ra7 47. Bb5
Rc7 1/2-1/2

[Event "10. Open Internacional de Málaga"]
[Site "Campillos ESP"]
[Date "2007.03.01"]
[Round "7.3"]
[White "Ivanov, Jordan"]
[Black "Matamoros Franco, Carlos S"]
[Result "0-1"]
[WhiteElo "2377"]
[BlackElo "2540"]
[PlyCount "72"]
[EventDate "2007.02.24"]
[EventType "swiss"]
[EventRounds "9"]
[EventCountry "ESP"]
[Source "lmi"]
[SourceDate "2007.02.24"]

1. d4 Nf6 2. c4 g6 3. Nc3 Bg7 4. e4 d6 5. h3 O-O 6. Nf3 e5 7. d5 a5 8. g4 Na6
9. Be3 Nd7 10. Rg1 Ndc5 11. Be2 Bd7 12. Qd2 Kh8 13. O-O-O f5 14. gxf5 gxf5 15.
Bh6 Bxh6 16. Qxh6 Qf6 17. Qh5 fxe4 18. Ng5 Bf5 19. Rg4 Qg6 20. Rh4 Rae8 21. Rg1
Qxh5 22. Bxh5 Re7 23. Kd2 Nb4 24. Nd1 Nbd3 25. Ne3 Bc8 26. f3 Rg7 27. fxe4 Rf2+
28. Kd1 Na4 29. Be2 Naxb2+ 30. Kd2 Nf4 31. Rxf4 exf4 32. Nf5 Bxf5 33. exf5 Rxg5
34. Rxg5 f3 35. Ke3 Rxe2+ 36. Kxf3 Re8 0-1

[Event "10. Open Internacional de Málaga"]
[Site "Campillos ESP"]
[Date "2007.03.01"]
[Round "7.4"]
[White "Tratar, Marko"]
[Black "Recuero Guerra, David"]
[Result "1-0"]
[WhiteElo "2478"]
[BlackElo "2357"]
[PlyCount "101"]
[EventDate "2007.02.24"]
[EventType "swiss"]
[EventRounds "9"]
[EventCountry "ESP"]
[Source "lmi"]
[SourceDate "2007.02.24"]

1. Nf3 d5 2. d4 e6 3. c4 dxc4 4. e3 Nf6 5. Bxc4 a6 6. O-O c5 7. dxc5 Qxd1 8.
Rxd1 Bxc5 9. Be2 Nc6 10. Nbd2 O-O 11. b3 b6 12. Bb2 Bb7 13. Bxf6 gxf6 14. Ne4
Be7 15. Rd7 Rfb8 16. Rc1 f5 17. Nd6 Bxd6 18. Rxd6 Nb4 19. Ne5 Bd5 20. a3 Na2
21. Rc7 Rc8 22. Rdd7 Nc3 23. Rxf7 Nxe2+ 24. Kf1 Rxc7 25. Rxc7 Bxb3 26. Kxe2 Bd5
27. Nd7 Bxg2 28. Nf6+ Kf8 29. Nxh7+ Kg8 30. Nf6+ Kf8 31. h4 Rd8 32. h5 e5 33.
Nh7+ Kg8 34. Nf6+ Kf8 35. f3 Rd6 36. h6 Rxf6 37. Rc8+ Ke7 38. h7 Rh6 39. h8=Q
Rxh8 40. Rxh8 e4 41. fxe4 Bxe4 42. Rh6 a5 43. Rxb6 a4 44. Kd2 Kd7 45. Rf6 Kc7
46. Kc3 Kd7 47. Kd4 Ke7 48. Ke5 Bc2 49. Rc6 Bd3 50. Rc7+ Kd8 51. Rc3 1-0

[Event "10. Open Internacional de Málaga"]
[Site "Campillos ESP"]
[Date "2007.03.01"]
[Round "7.5"]
[White "Dias, Paulo"]
[Black "Sakelsek, Tadej"]
[Result "0-1"]
[WhiteElo "2425"]
[BlackElo "2454"]
[PlyCount "82"]
[EventDate "2007.02.24"]
[EventType "swiss"]
[EventRounds "9"]
[EventCountry "ESP"]
[Source "lmi"]
[SourceDate "2007.02.24"]

1. d4 Nf6 2. Nf3 e6 3. c4 b6 4. g3 Ba6 5. Qa4 Bb7 6. Bg2 c5 7. dxc5 bxc5 8. Nc3
Be7 9. O-O O-O 10. Bf4 Qb6 11. Qb3 d6 12. Rfd1 Rd8 13. Qxb6 axb6 14. Rd2 Ne8
15. Rad1 Na6 16. b3 Nac7 17. Ne1 Bxg2 18. Nxg2 g5 19. Be3 f5 20. h3 h6 21. f4
Bf6 22. Na4 b5 23. cxb5 Nxb5 24. g4 fxg4 25. hxg4 Kg7 26. fxg5 hxg5 27. Ne1
Nec7 28. Nf3 Kg6 29. Kg2 Nd5 30. Rxd5 exd5 31. Rxd5 Nc7 32. Rd2 Ra6 33. Rc2 Re8
34. Bc1 Nd5 35. Kf2 Nb4 36. Rd2 c4 37. Ba3 Nxa2 38. bxc4 Rxa4 39. Rxa2 Rea8 40.
Rd2 Rxa3 41. Rxd6 Re8 0-1

[Event "10. Open Internacional de Málaga"]
[Site "Campillos ESP"]
[Date "2007.03.01"]
[Round "7.6"]
[White "Bellon Lopez, Juan Manuel"]
[Black "Karim, Ismael"]
[Result "1-0"]
[WhiteElo "2442"]
[BlackElo "2324"]
[PlyCount "53"]
[EventDate "2007.02.24"]
[EventType "swiss"]
[EventRounds "9"]
[EventCountry "ESP"]
[Source "lmi"]
[SourceDate "2007.02.24"]

1. d4 d5 2. c4 c6 3. Nf3 Nf6 4. Nc3 e6 5. Bg5 Nbd7 6. e3 Qa5 7. Nd2 Bb4 8. Qc2
c5 9. dxc5 dxc4 10. Bxc4 Qxc5 11. Bh4 O-O 12. Rc1 a6 13. Qd1 b5 14. Be2 Bxc3
15. Rxc3 Qb4 16. Bf3 Nd5 17. Bg3 Qxb2 18. Rc2 Qb4 19. O-O N7f6 20. e4 Nb6 21.
Bc7 Qd4 22. Qe2 Na4 23. Nb3 Qa7 24. Rd1 Bd7 25. Na5 Rac8 26. Rdc1 Nb6 27. Qe3
1-0